00357 a2200109 4500001001000000005001700010008004100027245006500068100002000133773007700153999001700230ART_6028220260410162030.0260409a 10aEl consumidor, el vulnerable y los conflictos de competencia1 aRossi, Jorge O.0 tTemas de derecho procesalg- Año 8, N° 2/3 (feb./mar. 2024)wREV44095 c33960d33960